La Actualidad de viejas temáticas: sobre los estudios de clase, estratificación y movilidad social en América Latina /
Spremljeno u:
| Glavni autor: | |
|---|---|
| Format: | Tekst |
| Serija: | SERIE POLITICAS SOCIALES/CEPAL
|
| Oznake: |
Dodaj oznaku
Bez oznaka, Budi prvi tko označuje ovaj zapis!
|
MARC
| LEADER | 00000 a a2200000 04500 | ||
|---|---|---|---|
| 001 | 48368 | ||
| 003 | |||
| 040 | |||
| 090 | |a REV1291 (51) 2001 | ||
| 100 | |a Filgueira, Carlos | ||
| 245 | |a La Actualidad de viejas temáticas: |b sobre los estudios de clase, estratificación y movilidad social en América Latina / |c Carlos Filgueira | ||
| 440 | |a SERIE POLITICAS SOCIALES/CEPAL | ||
| 773 | |g número51, (2001) | ||
| 999 | |c 27865 |d 27865 | ||
